[Event "Balaguer op"]
[Site "Balaguer ESP"]
[Date "2007.07.22"]
[Round "7.12"]
[White "Vilela, Jose Luis"]
[Black "Castellanos, Renier"]
[Result "1/2-1/2"]
[WhiteElo "2346"]
[BlackElo "2471"]
[PlyCount "88"]
[EventDate "2007.07.16"]
[EventType "swiss"]
[EventRounds "10"]
[EventCountry "ESP"]

1. e4 d5 2. exd5 Qxd5 3. Nc3 Qa5 4. d4 c6 5. Bc4 Nf6 6. Nf3 Bg4 7. h3 Bxf3 8.
Qxf3 e6 9. O-O Nbd7 10. Ne4 Be7 11. c3 O-O 12. Bf4 Qb6 13. Nxf6+ Bxf6 14. Qe2
Rfe8 15. Rfe1 a5 16. a4 g6 17. Rad1 Bg7 18. Qc2 Nf6 19. Qb3 Qa7 20. Re2 Nd5 21.
Bxd5 cxd5 22. Qb5 Rec8 23. Be5 Bxe5 24. Rxe5 Rc6 25. Qe2 Qb6 26. h4 Qb3 27. h5
Qxa4 28. Re1 Rb6 29. Qg4 Qd7 30. R1e3 Qd8 31. Rf3 Qf8 32. Rf6 Qg7 33. Qf4 Re8
34. Rxd5 exd5 35. Rxb6 gxh5 36. Rxb7 Re1+ 37. Kh2 Qg6 38. Qg3 Re2 39. Rb5 a4
40. Rxd5 Qxg3+ 41. Kxg3 Rxb2 42. Ra5 Rb3 43. Rxa4 Rxc3+ 44. f3 Rd3 1/2-1/2

[Event "Balaguer op"]
[Site "Balaguer ESP"]
[Date "2007.07.25"]
[Round "10.8"]
[White "Castellanos, Renier"]
[Black "Perpinya Rofes, Lluis Maria"]
[Result "1-0"]
[WhiteElo "2471"]
[BlackElo "2400"]
[PlyCount "95"]
[EventDate "2007.07.16"]
[EventType "swiss"]
[EventRounds "10"]
[EventCountry "ESP"]

1. Nf3 Nf6 2. c4 g6 3. b4 Bg7 4. Bb2 O-O 5. g3 d6 6. Bg2 e5 7. d3 a5 8. b5 Nbd7
9. O-O Nc5 10. Nfd2 Bg4 11. h3 Be6 12. Nc3 h5 13. Nb3 Nfd7 14. Nxc5 Nxc5 15.
Nd5 c6 16. Nc3 h4 17. Kh2 Qc7 18. bxc6 bxc6 19. Na4 Nd7 20. Rb1 Rfb8 21. Qc2
Rb7 22. Bc3 d5 23. Rxb7 Qxb7 24. Rb1 Qa7 25. cxd5 cxd5 26. Be1 Qa6 27. Qc7 Rc8
28. Qxa5 Qxa5 29. Bxa5 Bf8 30. Rb5 hxg3+ 31. fxg3 d4 32. Nb6 Nxb6 33. Bxb6 Rc2
34. Rxe5 Rxa2 35. Bf3 Bg7 36. Rb5 Bf5 37. Kg1 Bxh3 38. g4 Ra1+ 39. Kf2 f5 40.
gxf5 gxf5 41. Kg3 Bg4 42. Bxg4 Rg1+ 43. Kf4 fxg4 44. Rg5 Rf1+ 45. Ke4 Kf7 46.
Rxg4 Re1 47. Rg2 Rb1 48. Bxd4 1-0

[Event "Sort op"]
[Site "Sort ESP"]
[Date "2007.06.25"]
[Round "1"]
[White "Castellanos, Renier"]
[Black "Pla Andreu, Abraham"]
[Result "1-0"]
[WhiteElo "2471"]
[BlackElo "1921"]
[PlyCount "73"]
[EventDate "2007.06.25"]
[EventType "swiss"]
[EventRounds "10"]
[EventCountry "ESP"]
[Source "ChessBase"]
[SourceDate "2009.11.30"]

1. e4 c5 2. Nf3 Nc6 3. Bb5 e6 4. Bxc6 dxc6 5. d3 Nf6 6. O-O Be7 7. Qe2 O-O 8.
Nc3 b6 9. e5 Nd5 10. Ne4 h6 11. c4 Nc7 12. Bf4 Ne8 13. Rad1 Qc7 14. Qe3 Kh7 15.
Rfe1 Ba6 16. Nf6+ Bxf6 17. exf6 Qd8 18. fxg7 Nxg7 19. Qe4+ f5 20. Qe3 Rf6 21.
Be5 Rg6 22. Bxg7 Kxg7 23. Ne5 Rf6 24. d4 f4 25. Qe4 Qc7 26. dxc5 Rd8 27. Rxd8
Qxd8 28. Qxc6 Qd2 29. Qc7+ Kg8 30. Nf3 Qxb2 31. Ne5 Qd2 32. Rf1 Qd4 33. c6 Rf8
34. h3 Bc8 35. Ng6 Qd8 36. Qe5 Qf6 37. Qxf6 1-0

[Event "Sort op"]
[Site "Sort ESP"]
[Date "2007.06.27"]
[Round "3"]
[White "Castellanos, Renier"]
[Black "Sachdev, Tania"]
[Result "0-1"]
[WhiteElo "2471"]
[BlackElo "2393"]
[PlyCount "66"]
[EventDate "2007.06.25"]
[EventType "swiss"]
[EventRounds "10"]
[EventCountry "ESP"]
[Source "ChessBase"]
[SourceDate "2009.11.30"]

1. e4 e5 2. Nf3 Nc6 3. Bb5 a6 4. Ba4 Nf6 5. Qe2 b5 6. Bb3 Bc5 7. c3 O-O 8. d3
h6 9. Nbd2 Re8 10. h3 d5 11. g4 Be6 12. Nf1 Na5 13. N3d2 dxe4 14. dxe4 Nxb3 15.
axb3 Qd7 16. Ng3 Red8 17. Nf5 Qd3 18. Qxd3 Rxd3 19. Ke2 Rdd8 20. Rg1 Bf8 21.
Rg3 g6 22. Nh4 a5 23. Rd3 Re8 24. Kd1 Nd7 25. Kc2 Nc5 26. Re3 Red8 27. Nhf3 f6
28. Ne1 h5 29. gxh5 Bh6 30. Re2 gxh5 31. h4 Bxd2 32. Bxd2 Bxb3+ 33. Kc1 Bc4 0-1

[Event "Sort op"]
[Site "Sort ESP"]
[Date "2007.06.29"]
[Round "6"]
[White "Karavade, Eesha"]
[Black "Castellanos, Renier"]
[Result "1/2-1/2"]
[WhiteElo "2367"]
[BlackElo "2471"]
[PlyCount "38"]
[EventDate "2007.06.25"]
[EventType "swiss"]
[EventRounds "10"]
[EventCountry "ESP"]
[Source "ChessBase"]
[SourceDate "2009.11.30"]

1. d4 Nf6 2. c4 g6 3. Nc3 Bg7 4. e4 d6 5. Nf3 O-O 6. Be2 e5 7. Be3 Nbd7 8. O-O
Re8 9. Qc2 exd4 10. Nxd4 c6 11. Rad1 Qe7 12. f3 Nc5 13. Rfe1 a5 14. Qd2 a4 15.
Nc2 Nfd7 16. Bd4 Ne5 17. Be3 Ned7 18. Bd4 Ne5 19. Be3 Ned7 1/2-1/2

[Event "Sort op"]
[Site "Sort ESP"]
[Date "2007.07.01"]
[Round "8"]
[White "Gelashvili, Tamaz"]
[Black "Castellanos, Renier"]
[Result "1-0"]
[WhiteElo "2604"]
[BlackElo "2471"]
[PlyCount "95"]
[EventDate "2007.06.25"]
[EventType "swiss"]
[EventRounds "10"]
[EventCountry "ESP"]
[Source "ChessBase"]
[SourceDate "2009.11.30"]

1. e4 g6 2. d4 Bg7 3. Nc3 c6 4. f4 d5 5. e5 Nh6 6. Nf3 f6 7. Bd3 Bg4 8. h3 Bxf3
9. Qxf3 O-O 10. exf6 Bxf6 11. Ne2 Nd7 12. Qe3 Nf5 13. Bxf5 gxf5 14. Bd2 Nb6 15.
O-O-O Qd6 16. g4 Nc4 17. Qd3 e6 18. Rhg1 Kh8 19. g5 Bg7 20. h4 Rg8 21. h5 Bf8
22. Rge1 Qd7 23. Ng1 Nd6 24. Nf3 Ne4 25. Ne5 Qe8 26. g6 Rg7 27. Qf3 Bd6 28. Rg1
Rc8 29. Rg2 h6 30. Nf7+ Rxf7 31. gxf7 Qxf7 32. Rg6 Bf8 33. Rdg1 b6 34. Qg2 Kh7
35. Rg8 Re8 36. Qg6+ Qxg6 37. R8xg6 Re7 38. Be1 Bg7 39. Bh4 Rf7 40. c3 c5 41.
dxc5 Nxc5 42. Kc2 d4 43. cxd4 Bxd4 44. Rd1 e5 45. Bf6 Nd7 46. fxe5 Nxf6 47.
Rxd4 Nxh5 48. Rgd6 1-0

[Event "Salou"]
[Site "Salou ESP"]
[Date "2007.05.05"]
[Round "3"]
[White "Castellanos, Renier"]
[Black "Spraggett, Kevin"]
[Result "0-1"]
[WhiteElo "2471"]
[BlackElo "2611"]
[PlyCount "86"]
[EventDate "2007.05.03"]
[EventType "swiss"]
[EventRounds "9"]
[EventCountry "ESP"]

1. e4 c5 2. Nf3 e6 3. d4 cxd4 4. Nxd4 Nf6 5. Nc3 d6 6. g4 h6 7. h3 a6 8. Bg2
Qc7 9. Be3 b5 10. h4 b4 11. Na4 Bb7 12. g5 Nxe4 13. Qg4 h5 14. Nxe6 Qe7 15. Qf4
Qxe6 16. Nb6 Be7 17. Nxa8 Bxa8 18. O-O-O O-O 19. f3 Qxa2 20. fxe4 Qa1+ 21. Kd2
Qxb2 22. Rb1 Qc3+ 23. Kd1 a5 24. Qf2 Nc6 25. Qd2 Qe5 26. Rf1 Qe6 27. Qe2 g6 28.
Ra1 Rb8 29. Ke1 Bf8 30. Kf2 Bg7 31. Rad1 a4 32. Kg1 a3 33. Qa6 a2 34. Bf2 Be5
35. Rd5 a1=Q 36. Rxa1 Bxa1 37. Qxa1 Ne5 38. Qa7 Rc8 39. Rb5 Qg4 40. Rxb4 Qd1+
41. Bf1 Nf3+ 42. Kg2 Nxh4+ 43. Bxh4 Qg4+ 0-1

[Event "Balaguer op"]
[Site "Balaguer ESP"]
[Date "2006.07.19"]
[Round "3"]
[White "Ravi, Lanka"]
[Black "Castellanos, Renier"]
[Result "0-1"]
[WhiteElo "2390"]
[BlackElo "2479"]
[PlyCount "70"]
[EventDate "2006.07.17"]
[EventType "swiss"]
[EventRounds "10"]
[EventCountry "ESP"]
[Source "Mark Crowther"]
[SourceDate "2006.07.24"]

1. d4 Nf6 2. Nf3 e6 3. c4 c5 4. d5 d6 5. Nc3 exd5 6. cxd5 g6 7. e4 a6 8. Qe2
Be7 9. Bf4 O-O 10. h3 b5 11. e5 dxe5 12. Qxe5 Re8 13. O-O-O Nbd7 14. Qc7 Qxc7
15. Bxc7 Bb7 16. Ne5 Rac8 17. Nxd7 Rxc7 18. Nb6 Rd8 19. Bxb5 axb5 20. Nxb5 Bd6
21. Nxc7 Bxc7 22. Na4 Bxd5 23. f3 Bf4+ 24. Kb1 Ra8 25. b3 Be6 26. Rhe1 Nd5 27.
Kb2 Ne3 28. Rd3 Nc4+ 29. bxc4 Rxa4 30. Re4 Bg5 31. Rd5 Bf6+ 32. Kb1 Bxd5 33.
cxd5 Rd4 34. Rxd4 Bxd4 35. Kc2 c4 0-1

[Event "Balaguer op"]
[Site "Balaguer ESP"]
[Date "2006.07.21"]
[Round "5"]
[White "Delchev, Aleksander"]
[Black "Castellanos, Renier"]
[Result "1/2-1/2"]
[WhiteElo "2637"]
[BlackElo "2479"]
[PlyCount "260"]
[EventDate "2006.07.17"]
[EventType "swiss"]
[EventRounds "10"]
[EventCountry "ESP"]
[Source "Mark Crowther"]
[SourceDate "2006.07.24"]

1. e4 c5 2. Nf3 d6 3. d4 cxd4 4. Nxd4 Nf6 5. Nc3 a6 6. Be2 e5 7. Nb3 Be7 8. O-O
O-O 9. Kh1 Nbd7 10. a4 Qc7 11. Be3 b6 12. f3 Bb7 13. Rf2 Rac8 14. Bf1 Qb8 15.
Rd2 Qa8 16. Nc1 Rc7 17. N1a2 Rfc8 18. Nb4 Rxc3 19. bxc3 Rxc3 20. Bf2 Qc8 21.
Na2 Ra3 22. Nb4 Rc3 23. Rb1 Nc5 24. Bxc5 Rxc5 25. Nd3 Rc6 26. c4 Nd7 27. c5 Bg5
28. f4 exf4 29. Nb4 Rxc5 30. Rxd6 Bxe4 31. Bd3 Bxd3 32. Nxd3 Rc7 33. Qg4 Be7
34. Rd4 Nc5 35. Qxc8+ Rxc8 36. Nxf4 Ne6 37. Nxe6 fxe6 38. g3 Rc6 39. Rd7 Bf6
40. Rbd1 Rc4 41. R1d6 Rxa4 42. Rxb6 h5 43. Rxe6 h4 44. gxh4 Bxh4 45. Ra7 a5 46.
Re5 Bf6 47. Rexa5 Rg4 48. Rh5 Bd4 49. Ra8+ Kf7 50. Rf5+ Bf6 51. Ra7+ Kg6 52.
Rf1 Rb4 53. Rg1+ Kh7 54. Ra3 Rb2 55. Rag3 Bd4 56. R3g2 Rb3 57. Rd1 Be5 58. Re2
Bf6 59. Kg2 Ra3 60. Rf1 Kg6 61. Rf3 Ra4 62. Rg3+ Kf7 63. h3 Rb4 64. Rg4 Rb3 65.
Rf2 Ra3 66. Rf3 Ra2+ 67. Kg3 Ke6 68. Re3+ Kf7 69. Kf3 Rh2 70. Ke4 Ra2 71. Rd3
Re2+ 72. Kd5 Re5+ 73. Kc6 Rh5 74. Rd7+ Kg8 75. Rg3 Re5 76. Rf3 Ra5 77. Rd5 Ra4
78. Rb3 Kf7 79. Rd7+ Kg6 80. Rg3+ Kf5 81. Rd5+ Ke6 82. Re3+ Kf7 83. Rd7+ Kg6
84. Kd5 Ra6 85. Rg3+ Kf5 86. Rf3+ Kg6 87. Rd6 Ra5+ 88. Ke6 Re5+ 89. Kd7 Kf7 90.
Rb3 Ra5 91. Rdb6 Rd5+ 92. Kc6 Rd2 93. Rb7+ Ke6 94. Re3+ Kf5 95. Rb5+ Kg6 96.
Rd5 Ra2 97. Rd6 Kf7 98. Red3 Ra1 99. Kd5 Re1 100. Rd7+ Kg6 101. Rb7 Kf5 102.
Rf3+ Kg6 103. Rb5 Re8 104. Rbb3 Re5+ 105. Kd6 Re1 106. Rg3+ Kf7 107. Rb7+ Kg8
108. Rf3 Re4 109. Rd7 Re5 110. Kc6 Ra5 111. Re3 Kh7 112. Rb7 Kg6 113. Rg3+ Kh7
114. Rb5 Ra1 115. Kd7 Re1 116. Rbb3 Ra1 117. Ra3 Rb1 118. Ra6 Re1 119. Re6 Rd1+
120. Ke8 Rd8+ 121. Kf7 Rd7+ 122. Kf8 Rd8+ 123. Re8 Rd7 124. Rc8 Rd5 125. Kf7
Rd7+ 126. Kf8 Rd5 127. Rc6 Rd8+ 128. Kf7 Rd7+ 129. Ke6 Re7+ 130. Kd6 Re1
1/2-1/2

[Event "Balaguer op"]
[Site "Balaguer ESP"]
[Date "2006.07.22"]
[Round "6"]
[White "Castellanos, Renier"]
[Black "Satyapragyan, Swayangsu"]
[Result "1/2-1/2"]
[WhiteElo "2479"]
[BlackElo "2431"]
[PlyCount "79"]
[EventDate "2006.07.17"]
[EventType "swiss"]
[EventRounds "10"]
[EventCountry "ESP"]
[Source "Mark Crowther"]
[SourceDate "2006.07.24"]

1. e4 e5 2. Nf3 Nc6 3. Bb5 a6 4. Ba4 Nf6 5. O-O Be7 6. Re1 b5 7. Bb3 O-O 8. h3
Bb7 9. d3 d6 10. a3 Qd7 11. Nbd2 Nd8 12. Nf1 Ne6 13. Ng3 Rfe8 14. c3 c5 15. d4
c4 16. Bc2 Qc7 17. d5 Nc5 18. Nh2 Kh8 19. Ng4 Nxg4 20. hxg4 g6 21. Be3 Bh4 22.
Nh1 Qd8 23. Qd2 f6 24. g3 Bg5 25. f3 Bxe3+ 26. Qxe3 Qb6 27. Nf2 a5 28. Qd2 Bc8
29. Kg2 Bd7 30. Rh1 Re7 31. Rh2 Rf8 32. Rah1 Rg7 33. f4 exf4 34. gxf4 Qd8 35.
Qd4 Qe7 36. Bd1 Kg8 37. Bc2 a4 38. Re1 g5 39. f5 Qe5 40. Ra1 1/2-1/2

[Event "Balaguer op"]
[Site "Balaguer ESP"]
[Date "2006.07.23"]
[Round "7"]
[White "Gupta, Abhijeet"]
[Black "Castellanos, Renier"]
[Result "1-0"]
[WhiteElo "2424"]
[BlackElo "2479"]
[PlyCount "79"]
[EventDate "2006.07.17"]
[EventType "swiss"]
[EventRounds "10"]
[EventCountry "ESP"]
[Source "Mark Crowther"]
[SourceDate "2006.07.31"]

1. e4 c5 2. Nf3 d6 3. d4 cxd4 4. Nxd4 Nf6 5. Nc3 a6 6. Bg5 e6 7. f4 Qc7 8. Bxf6
gxf6 9. Qe2 Nc6 10. O-O-O Bd7 11. g3 Be7 12. Bh3 Qb6 13. Nb3 h5 14. f5 O-O-O
15. fxe6 fxe6 16. Qc4 Qe3+ 17. Kb1 b5 18. Qe2 Qb6 19. Qd2 Ne5 20. Nd4 Ng4 21.
Bxg4 hxg4 22. Nf5 Bf8 23. Nxd6+ Bxd6 24. Qxd6 Qxd6 25. Rxd6 Kc7 26. Rhd1 Rxh2
27. b4 Rhh8 28. Rxa6 Bc6 29. Rxd8 Rxd8 30. a4 Rd4 31. axb5 Rxb4+ 32. Kc1 Bd7
33. Kd2 Rb2 34. Ra7+ Kd6 35. e5+ fxe5 36. Ne4+ Ke7 37. Nc5 Kd6 38. Nxd7 Rxb5
39. Nf6 Rb4 40. Ke3 1-0

[Event "Balaguer op"]
[Site "Balaguer ESP"]
[Date "2006.07.24"]
[Round "8"]
[White "Castellanos, Renier"]
[Black "Vilela, Jose Luis"]
[Result "1-0"]
[WhiteElo "2479"]
[BlackElo "2355"]
[PlyCount "73"]
[EventDate "2006.07.17"]
[EventType "swiss"]
[EventRounds "10"]
[EventCountry "ESP"]
[Source "Mark Crowther"]
[SourceDate "2006.07.31"]

1. e4 e6 2. d4 d5 3. Nc3 Bb4 4. e5 c5 5. a3 Bxc3+ 6. bxc3 Qa5 7. Bd2 Qa4 8. Qg4
Kf8 9. Qd1 b6 10. h4 Ba6 11. Bxa6 Qxa6 12. h5 h6 13. Rh4 Ne7 14. Rf4 Nbc6 15.
a4 Rc8 16. a5 cxd4 17. cxd4 Qc4 18. axb6 axb6 19. c3 Ke8 20. Ra4 Qb5 21. Ne2
Na5 22. Bc1 Nc4 23. Ra7 Rf8 24. Qc2 Nc6 25. Ra1 Ke7 26. Qh7 Rg8 27. Rg4 Ra8 28.
Rxa8 Rxa8 29. Qxg7 Ra2 30. Qf6+ Kd7 31. Qxf7+ Ne7 32. Rg7 Rxe2+ 33. Kf1 Nd2+
34. Bxd2 Rxd2+ 35. Kg1 Qb1+ 36. Kh2 Kc6 37. Qe8+ 1-0

[Event "Balaguer op"]
[Site "Balaguer ESP"]
[Date "2006.07.25"]
[Round "9"]
[White "Castellanos, Renier"]
[Black "Pogorelov, Ruslan"]
[Result "1/2-1/2"]
[WhiteElo "2479"]
[BlackElo "2395"]
[PlyCount "77"]
[EventDate "2006.07.17"]
[EventType "swiss"]
[EventRounds "10"]
[EventCountry "ESP"]
[Source "Mark Crowther"]
[SourceDate "2006.07.31"]

1. e4 c5 2. Nf3 d6 3. d4 cxd4 4. Nxd4 Nf6 5. Nc3 a6 6. Bg5 e6 7. f4 Be7 8. Qf3
Qc7 9. O-O-O Nbd7 10. g4 h6 11. Bxf6 Bxf6 12. h4 Qb6 13. Nb3 Be7 14. Kb1 Nc5
15. f5 Nxb3 16. cxb3 Bd7 17. Bc4 Qc5 18. g5 hxg5 19. hxg5 Rxh1 20. Rxh1 O-O-O
21. g6 b5 22. Bd3 Qe5 23. gxf7 Rf8 24. fxe6 Bxe6 25. Nd5 Bxd5 26. exd5 Bf6 27.
Qf5+ Kd8 28. Qf2 Qxd5 29. Qb6+ Ke7 30. Qc7+ Ke6 31. Re1+ Be5 32. Rd1 Qc5 33.
Qb7 Rxf7 34. Qa8 Rf2 35. Qe8+ Kf6 36. Qf8+ Ke6 37. Qe8+ Kf6 38. Qf8+ Ke6 39.
Qe8+ 1/2-1/2

[Event "Balaguer op"]
[Site "Balaguer ESP"]
[Date "2006.07.26"]
[Round "10"]
[White "Gopal, Geetha Narayanan"]
[Black "Castellanos, Renier"]
[Result "1-0"]
[WhiteElo "2343"]
[BlackElo "2479"]
[PlyCount "125"]
[EventDate "2006.07.17"]
[EventType "swiss"]
[EventRounds "10"]
[EventCountry "ESP"]
[Source "Mark Crowther"]
[SourceDate "2006.07.31"]

1. e4 c5 2. Nf3 d6 3. d4 cxd4 4. Nxd4 Nf6 5. Nc3 a6 6. Bg5 e6 7. f4 Qc7 8. Bxf6
gxf6 9. Qe2 Nc6 10. O-O-O Bd7 11. g3 h5 12. Bh3 O-O-O 13. Nb3 Kb8 14. Qf2 Na5
15. Kb1 Be7 16. Rhf1 Nxb3 17. axb3 Qc5 18. Qe1 h4 19. g4 Bc6 20. Bg2 h3 21. Bf3
Rc8 22. Rf2 Bd8 23. Na4 Bxa4 24. bxa4 f5 25. exf5 Bh4 26. Qe4 Rc7 27. Re2 exf5
28. Qxf5 Qxf5 29. gxf5 Rh6 30. Rd3 Be7 31. Rde3 Bf6 32. Re8+ Ka7 33. a5 Rh8 34.
Rxh8 Bxh8 35. Bd5 Bd4 36. c3 Bf6 37. c4 b6 38. axb6+ Kxb6 39. Re3 Re7 40. Rxh3
Re2 41. Rb3+ Kc5 42. h3 Rf2 43. Bxf7 Rxf4 44. Be6 Rf2 45. Ka2 Rh2 46. Ka3 Be5
47. Rb7 Rxh3+ 48. Ka4 Rh2 49. b4+ Kd4 50. Ka5 Ra2+ 51. Kb6 Ra4 52. Kc6 Ra1 53.
Rb6 Ra4 54. Bd5 Kc3 55. c5 dxc5 56. bxc5 a5 57. Kb7 Kd4 58. Bb3 Ra1 59. c6 Rh1
60. f6 Rf1 61. c7 Bxc7 62. Kxc7 a4 63. Ba2 1-0

[Event "Sort op"]
[Site "Sort ESP"]
[Date "2006.06.26"]
[Round "1"]
[White "Khazhomia, Salome"]
[Black "Castellanos, Renier"]
[Result "0-1"]
[WhiteElo "2051"]
[BlackElo "2467"]
[PlyCount "130"]
[EventDate "2006.06.26"]
[EventType "swiss"]
[EventRounds "9"]
[EventCountry "ESP"]
[Source "Mark Crowther"]
[SourceDate "2006.07.03"]

1. d4 Nf6 2. c4 e6 3. Nf3 c5 4. d5 d6 5. Nc3 exd5 6. cxd5 g6 7. e4 a6 8. a4 Bg4
9. Be2 Bxf3 10. Bxf3 Nbd7 11. Qe2 Bg7 12. Bf4 Qe7 13. O-O O-O 14. Rfe1 Ne5 15.
Bxe5 Qxe5 16. Qc4 Rab8 17. a5 h5 18. g3 b5 19. axb6 Rxb6 20. Na4 Rb4 21. Qxa6
Rfb8 22. Re2 Nd7 23. Ra2 Qe7 24. Nc3 Bxc3 25. bxc3 R4b6 26. Qd3 Rb1+ 27. Kg2
Qf6 28. Re3 Ne5 29. Qc2 h4 30. Bd1 hxg3 31. hxg3 g5 32. Ra8 Rxa8 33. Qxb1 Kg7
34. Bh5 g4 35. f4 gxf3+ 36. Bxf3 Qh6 37. Qe1 Ra2+ 38. Re2 Qe3 39. Qf2 Rxe2 40.
Qxe2 Qxc3 41. Bg4 c4 42. Bf5 Nd3 43. Qg4+ Kf8 44. Qg5 Qb2+ 45. Kg1 Qc1+ 46.
Qxc1 Nxc1 47. Kf2 Ke7 48. Ke3 Kf6 49. Kd2 Nd3 50. Kc3 Ke5 51. Kxc4 Nf2 52. Bd7
Nxe4 53. Be8 f5 54. Bf7 Nxg3 55. Kd3 Kf4 56. Bg6 Ne4 57. Kd4 Nf6 58. Bf7 Kg3
59. Bg6 f4 60. Bd3 f3 61. Kc4 Kf4 62. Kd4 Ng4 63. Kc4 Ne5+ 64. Kd4 Nxd3 65.
Kxd3 Kg3 0-1

[Event "Sort op"]
[Site "Sort ESP"]
[Date "2006.06.27"]
[Round "2"]
[White "Castellanos, Renier"]
[Black "Antoli Royo, Joaquin Miguel"]
[Result "1/2-1/2"]
[WhiteElo "2467"]
[BlackElo "2352"]
[PlyCount "79"]
[EventDate "2006.06.26"]
[EventType "swiss"]
[EventRounds "9"]
[EventCountry "ESP"]
[Source "Mark Crowther"]
[SourceDate "2006.07.10"]

1. e4 e5 2. Nf3 Nc6 3. Bb5 a6 4. Ba4 Nf6 5. O-O Be7 6. Re1 b5 7. Bb3 Bb7 8. d3
O-O 9. a3 d6 10. Nbd2 Na5 11. Ba2 c5 12. Nf1 Bc8 13. c3 Be6 14. Ng3 Bxa2 15.
Rxa2 Re8 16. Ra1 Nc6 17. a4 b4 18. Nf5 Bf8 19. Bg5 a5 20. Nd2 Re6 21. Re3 h6
22. Bxf6 Rxf6 23. Rf3 Rb8 24. Ne3 Re6 25. Nd5 Rb7 26. Nc4 g6 27. Nce3 Bg7 28.
Qb3 Qa8 29. Qc4 h5 30. Rf1 Bh6 31. Rh3 Bg5 32. Rg3 Bf4 33. Rf3 Bg5 34. Nf5 Kh7
35. Ng3 Kg7 36. Rd1 Qa7 37. Nf1 Qa8 38. Nfe3 Qa7 39. Rg3 Bf4 40. Rf3 1/2-1/2

[Event "La Roda op"]
[Site "La Roda ESP"]
[Date "2006.04.15"]
[Round "7"]
[White "Velicka, Petr"]
[Black "Castellanos, Renier"]
[Result "1/2-1/2"]
[WhiteElo "2456"]
[BlackElo "2467"]
[PlyCount "220"]
[EventDate "2006.04.12"]
[EventType "swiss"]
[EventRounds "9"]
[EventCountry "ESP"]

1. e4 c5 2. Nf3 d6 3. Bb5+ Bd7 4. Bxd7+ Nxd7 5. O-O Ngf6 6. Qe2 e6 7. b3 Be7 8.
Bb2 O-O 9. c4 e5 10. Nc3 Nh5 11. Nd5 Ndf6 12. g3 g6 13. Nxf6+ Bxf6 14. Ne1 Ng7
15. Ng2 Ne6 16. Ne3 Bg7 17. Nd5 Nc7 18. Nxc7 Qxc7 19. f4 f5 20. fxe5 dxe5 21.
exf5 gxf5 22. Rf2 Rf7 23. Raf1 Raf8 24. Qh5 Qd7 25. g4 fxg4 26. Rxf7 Rxf7 27.
Rxf7 Qxf7 28. Qxg4 Qg6 29. Qxg6 hxg6 30. Kf2 Kf7 31. Ke3 Ke6 32. Ke4 b6 33. d3
Bf6 34. Bc3 a5 35. Be1 g5 36. h3 Be7 37. Bf2 Bf6 38. Bg3 Bg7 39. h4 gxh4 40.
Bxh4 Kd6 41. Kf5 Bh6 42. Bd8 Kc6 43. Kxe5 Be3 44. Ke6 Bd4 45. Bg5 Bg1 46. Bf4
Bf2 47. Be5 Bh4 48. Bf4 Bd8 49. Bd2 Bh4 50. Bc3 Bg3 51. Kf5 Bf2 52. Kf4 Bh4 53.
Ke3 Bg5+ 54. Ke2 Bf4 55. Kd1 Bg5 56. Kc2 Be7 57. Kb2 Bd6 58. Ka3 Bf4 59. Ka4
Bc7 60. a3 Bd8 61. b4 axb4 62. axb4 Be7 63. Bd2 Bf8 64. Bc1 Bg7 65. Bg5 Bd4 66.
Be7 Be5 67. Kb3 Bd4 68. Ka4 Be5 69. Bg5 Bd4 70. Bc1 Be5 71. Ba3 Bd4 72. Bc1 Be5
73. Be3 Bf6 74. Kb3 Be5 75. Kc2 Bd6 76. Kd2 Be5 77. Ke2 Bf6 78. b5+ Kb7 79. Kf3
Bg7 80. Ke4 Bc3 81. Kd5 Bb4 82. Bf4 Bc3 83. Be5 Bd2 84. Ke4 Bh6 85. Bf4 Bg7 86.
Be3 Bc3 87. Bf4 Bb4 88. Kd5 Bc3 89. Be3 Bb4 90. Bf2 Ba3 91. Bg3 Bc1 92. Bf2 Ba3
93. Kd6 Bb4 94. Be3 Ba3 95. Bf4 Bb2 96. Be5 Bc1 97. Ke6 Be3 98. Bb2 Bf2 99. Kf5
Be3 100. Ke4 Bg5 101. Bg7 Bd2 102. Be5 Bg5 103. Bf4 Bf6 104. Be3 Bc3 105. Kf3
Bf6 106. Bg1 Bg7 107. Ke4 Bc3 108. Kd5 Bb4 109. Bh2 Bd2 110. Bd6 Be3 1/2-1/2

[Event "La Roda op"]
[Site "La Roda ESP"]
[Date "2006.04.16"]
[Round "8"]
[White "Castellanos, Renier"]
[Black "Lazarev, Vladimir"]
[Result "1/2-1/2"]
[WhiteElo "2467"]
[BlackElo "2497"]
[PlyCount "20"]
[EventDate "2006.04.12"]
[EventType "swiss"]
[EventRounds "9"]
[EventCountry "ESP"]

1. e4 c5 2. Nf3 Nc6 3. Bb5 g6 4. Bxc6 dxc6 5. d3 Bg7 6. h3 b6 7. Nc3 e5 8. Be3
Ne7 9. Qd2 h6 10. Ng1 Be6 1/2-1/2

[Event "Albacete op"]
[Site "Albacete ESP"]
[Date "2005.09.01"]
[Round "1"]
[White "Castellanos, Renier"]
[Black "Gonzalez, Mario"]
[Result "1-0"]
[WhiteElo "2442"]
[BlackElo "1906"]
[PlyCount "33"]
[EventDate "2005.09.01"]
[EventType "swiss"]
[EventRounds "9"]
[EventCountry "ESP"]

1. e4 c5 2. Nf3 d6 3. Nc3 Nf6 4. d4 cxd4 5. Nxd4 a6 6. Bg5 e6 7. f4 Be7 8. Qf3
Qb6 9. O-O-O Nc6 10. Nxc6 Qxc6 11. Be2 Qc7 12. Qg3 g6 13. e5 dxe5 14. fxe5 Ng8
15. Ne4 Bd7 16. Bxe7 Nxe7 17. Nf6+ 1-0

[Event "Albacete op"]
[Site "Albacete ESP"]
[Date "2005.09.02"]
[Round "2"]
[White "Garcia, Jorge David"]
[Black "Castellanos, Renier"]
[Result "0-1"]
[WhiteElo "2076"]
[BlackElo "2442"]
[PlyCount "118"]
[EventDate "2005.09.01"]
[EventType "swiss"]
[EventRounds "9"]
[EventCountry "ESP"]

1. d4 Nf6 2. Nf3 e6 3. c4 c5 4. d5 d6 5. Nc3 exd5 6. cxd5 g6 7. e4 a6 8. a4 Bg4
9. Be2 Bxf3 10. Bxf3 Nbd7 11. O-O Bg7 12. g3 O-O 13. Bg2 Qc7 14. f4 Rfe8 15.
Re1 c4 16. Be3 Nc5 17. Bxc5 Qxc5+ 18. Kh1 Nd7 19. Bh3 Rad8 20. Bxd7 Rxd7 21. a5
Rdd8 22. Ra4 b5 23. axb6 Qxb6 24. Qa1 Rb8 25. Re2 Qd4 26. Qd1 Qxd1+ 27. Nxd1 f5
28. Rxc4 Rxe4 29. Rexe4 fxe4 30. Rxe4 Rb5 31. Ne3 Bxb2 32. Re6 Bd4 33. Nc4 Rxd5
34. Rxd6 Rxd6 35. Nxd6 a5 36. Nc4 a4 37. Na3 Bb2 38. Nc2 Kf7 39. Kg2 Ke6 40.
Kf3 Kd5 41. Ke3 Kc4 42. g4 Bf6 43. Kd2 Be7 44. h3 Bd6 45. f5 g5 46. Ne3+ Kd4
47. Nc2+ Kc4 48. Ne3+ Kb3 49. Nc2 Be5 50. Kd3 Bf6 51. Kd2 a3 52. Nxa3 Kxa3 53.
Ke3 Kb4 54. Ke4 Kc5 55. Ke3 Kd5 56. Kd3 Ke5 57. Ke3 Bd8 58. Kf3 Kd4 59. h4 h6
0-1

[Event "Albacete op"]
[Site "Albacete ESP"]
[Date "2005.09.02"]
[Round "3"]
[White "Castellanos, Renier"]
[Black "Fernandez, Luis"]
[Result "1/2-1/2"]
[WhiteElo "2442"]
[BlackElo "2283"]
[PlyCount "58"]
[EventDate "2005.09.01"]
[EventType "swiss"]
[EventRounds "9"]
[EventCountry "ESP"]

1. e4 c5 2. Nf3 d6 3. Bb5+ Bd7 4. Bxd7+ Qxd7 5. O-O Nc6 6. c3 Nf6 7. Re1 e6 8.
d4 cxd4 9. cxd4 d5 10. e5 Ne4 11. Nbd2 Nxd2 12. Bxd2 Be7 13. Rc1 O-O 14. Rc3 f6
15. exf6 Bxf6 16. Rd3 Rae8 17. Bf4 Re7 18. Bg3 Nd8 19. Rde3 Nf7 20. Qe2 Rfe8
21. h4 Nh6 22. Be5 Nf5 23. Rc3 Bxe5 24. Qxe5 Qd6 25. Qxd6 Nxd6 26. Rec1 Nf7 27.
Rc5 Kf8 28. Kf1 Rd7 29. Rc7 Ke7 1/2-1/2

[Event "Albacete op"]
[Site "Albacete ESP"]
[Date "2005.09.03"]
[Round "4"]
[White "Jimenez, Jose Vicente"]
[Black "Castellanos, Renier"]
[Result "0-1"]
[WhiteElo "2067"]
[BlackElo "2442"]
[PlyCount "82"]
[EventDate "2005.09.01"]
[EventType "swiss"]
[EventRounds "9"]
[EventCountry "ESP"]

1. d4 Nf6 2. c4 e6 3. Nc3 Bb4 4. Qc2 O-O 5. e4 d5 6. e5 Ne4 7. Bd3 c5 8. cxd5
exd5 9. Nge2 cxd4 10. Nxd4 Nd7 11. f4 Ndc5 12. O-O Bxc3 13. bxc3 Re8 14. Be3 b6
15. Rad1 Nxd3 16. Qxd3 Nc5 17. Qb1 Ba6 18. Nb5 Ne4 19. Qb3 Bxb5 20. Rxd5 Qc7
21. Rxb5 Nxc3 22. Rb4 Rac8 23. a4 Qc6 24. Kh1 Qe6 25. Qxe6 fxe6 26. Rd4 Red8
27. Rc1 Nd5 28. Rcd1 Rf8 29. Bc1 h5 30. Ba3 Rxf4 31. Rxf4 Nxf4 32. Rd7 Rc3 33.
Bb2 Rc2 34. g3 Nd5 35. Ba3 Ra2 36. Rd8+ Kh7 37. Bf8 Rxa4 38. Rd7 Ra1+ 39. Kg2
Ne3+ 40. Kf3 Nf5 41. h3 Rf1+ 0-1